LEADER 01151nam a22002531i 4500 001 991001555669707536 005 20031121153928.0 008 040407s1961 it |||||||||||||||||ita 035 $ab1278817x-39ule_inst 035 $aARCHE-076780$9ExL 040 $aDip.to Scienze Storiche$bita$cA.t.i. Arché s.c.r.l. Pandora Sicilia s.r.l. 082 04$a707.4 100 1 $aMaltese, Corrado$032544 245 10$aArte del Frusinate dal secolo XII al XIX :$bmostra di opere d'arte restaurate a cura della Soprintendenza alle Gallerie del Lazio : Palazzo della Provincia : Frosinone, 1961 /$cprefazione di Emilio Lavagnino ; catalogo di Corrado Maltese 260 $a[S.l.] :$b[s.n.],$c1961 300 $a56 p. ;$c21 cm 650 4$aArte italiana$ySec. 12.-19.$xEsposizioni$y1961 700 1 $aLavagnino, Emilio 907 $a.b1278817x$b02-04-14$c16-04-04 912 $a991001555669707536 945 $aLE009 LA IV C 44 (Fondo Bottari)$g1$i2009000244160$lle009$o-$pE0.00$q-$rn$so $t0$u0$v0$w0$x0$y.i13332934$z16-04-04 996 $aArte del Frusinate dal secolo XII al XIX$9292982 997 $aUNISALENTO 998 $ale009$b16-04-04$cm$da $e-$fita$git $h0$i1 LEADER 01096nam a22002651i 4500 001 991001433109707536 005 20250610111131.0 008 030102s1983 it er 001|e ita d 035 $ab12146365-39ule_inst 035 $aARCHE-023616$9ExL 040 $aDip.to Filologia Ling. e Lett.$bita$cA.t.i. Arché s.c.r.l. Pandora Sicilia s.r.l.$dSocioculturale Scs 082 04$a327$223 100 1 $aPetricioli, Marta$0275793 245 12$aL'Italia in Asia Minore :$bequilibrio mediterraneo e ambizioni imperialiste alla vigilia della prima guerra mondiale /$cMarta Petricioli ; introduzione di Ennio Di Nolfo 260 $aFirenze :$bSansoni,$c1983 300 $a478 p. ;$c21 cm 490 1 $aContributi 651 4$aItalia$xPolitica internazionale$y1905-1915 830 0$aContributi 907 $a.b12146365$b02-04-14$c01-04-03 912 $a991001433109707536 945 $aLE008 FL.M. Neogr. 64$g1$iLE008N-8643$lle008$o-$pE0.00$q-$rn$sm$t0$u0$v0$w0$x0$y.i12473364$z01-04-03 996 $aItalia in Asia Minore$9149014 997 $aUNISALENTO 998 $ale008$b01-04-03$cm$da$e-$fita$git$h2$i1